Rules of the House of Representatives (Record no. 131)
[ view plain ]
| 000 -LEADER | |
|---|---|
| fixed length control field | 00372nam a22001337a 4500 |
| 008 - FIXED-LENGTH DATA ELEMENTS--GENERAL INFORMATION | |
| fixed length control field | 230602b xxu||||| |||| 00| 0 eng d |
| 082 ## - DEWEY DECIMAL CLASSIFICATION NUMBER | |
| Edition number | Vol 11 |
| Classification number | 060.4273 |
| Item number | SUL |
| 100 ## - MAIN ENTRY--PERSONAL NAME | |
| Dates associated with a name | 2009 |
| 245 ## - TITLE STATEMENT | |
| Title | Rules of the House of Representatives |
| Remainder of title | of the United States One Hundred Eleventh Congress |
| Statement of responsibility, etc. | John V. Sulivan |
| 250 ## - EDITION STATEMENT | |
| Edition statement | Vol 11 |
| 300 ## - PHYSICAL DESCRIPTION | |
| Extent | 992 |
| 440 ## - SERIES STATEMENT/ADDED ENTRY--TITLE | |
| Volume/sequential designation | 11 |
| 942 ## - ADDED ENTRY ELEMENTS (KOHA) | |
| Source of classification or shelving scheme | Dewey Decimal Classification |
| Koha item type | Books |
| Withdrawn status | Lost status | Source of classification or shelving scheme | Damaged status | Not for loan | Home library | Current library | Date acquired | Total Checkouts | Full call number | Barcode | Date last seen | Price effective from | Koha item type |
|---|---|---|---|---|---|---|---|---|---|---|---|---|---|
| Dewey Decimal Classification | Bunge Tower Library | Bunge Tower Library | 06/02/2023 | 060.4273 SUL | 10015088 | 06/02/2023 | 06/02/2023 | Books |
